| 000 | 00651nam a22002172 4500 | ||
|---|---|---|---|
| 001 | 0000019714 | ||
| 005 | 20151217145919.0 | ||
| 008 | 110122s xx 000 0 eng d | ||
| 020 | _a1855390353 : | ||
| 040 |
_aKABU _cKABU |
||
| 100 | 1 |
_aDickinson, Chris. _@0000168128 |
|
| 245 | 1 | 0 |
_aEffective learning activities / _cChris Dickinson. |
| 250 | _a1st ed. | ||
| 260 |
_aStafford : _bNetwork Educational, _c1996. |
||
| 300 | _a67 p. | ||
| 650 | 0 |
_aLearning. _@0000153525 |
|
| 852 | 1 | _9p1480 KES | |
| 852 | 1 | _9p1480 KES | |
| 908 | _a110122 | ||
| 950 | _@1 | ||
| 999 |
_c4001 _d4001 |
||